Loading...
| BB | 0 | 4 | 0 | 3 | 40 | 107 | 126.75 | 1 | 4 | 0.00 | 0.00 |
| AG | 1 | 2 | 1 | 0 | 30 | 78 | 83.00 | 2 | 3 | 0.00 | 0.00 |
| MB | 1 | 1 | 1 | 1 | 20 | 25 | 72.50 | 1 | 2 | 0.00 | 0.00 |
| RR | 0 | 2 | 0 | 1 | 20 | 77 | 100.50 | 0 | 2 | 0.00 | 0.00 |
| TR | 0 | 2 | 0 | 2 | 20 | 133 | 134.50 | 1 | 2 | 0.00 | 0.00 |
| 0 | 1 | 0 | 0 | 10 | 125 | 125.00 | 0 | 1 | 0.00 | 0.00 | |
| DM | 0 | 1 | 0 | 1 | 10 | 134 | 134.00 | 0 | 1 | 0.00 | 0.00 |
| AR | 0 | 1 | 0 | 0 | 10 | 97 | 97.00 | 0 | 1 | 0.00 | 0.00 |
| RC | 0 | 1 | 1 | 0 | 5 | 141 | 141.00 | 0 | 1 | 0.00 | 0.00 |
| MB | wine industry | 15 | 25 |
| RC | Frida Kahlo | -5 | 45 |
| RR | Jamestown | 10 | 77 |
| AG | testosterone | 15 | 78 |
| AG | Richard | 10 | 81 |
| AG | Jean Rhys | 10 | 90 |
| MB | Gretchen | -5 | 94 |
| AR | Antonio Vivaldi | 10 | 97 |
| AG | landlords | -5 | 103 |
| BB | fluid velocity | 10 | 107 |